000 01001nam a2200277Ia 4500
003 OSt
005 20221005111158.0
006 a|||||r|||| 00| 0
007 ta
008 221004b |||||||| |||| 00| 0 hin d
020 _a8181436014 (pbk)
_cIndian Rupees 35
024 _a35863
037 _bGift, 15/02/2018,
_cTextual
040 _aCRL
_cCRL
_bhin
041 _2hin
_ahin
082 _aO152,1x, P6
100 _aगौतम, रमेश, संपा.
245 0 _aकाव्य सुमनः बी. कॉम. हिंदी ‘ख’
246 _aKāvya sumanah bī kaॉm hiandī ‘kha’
260 _aनई दिल्ली
_bवाणी प्रकाशन भारत
_c2006
300 _a94पृ0
_ccm.
650 _a हिन्दी साहित्य
650 _aहिन्दी कविता
942 _hO152,1x, P6
_cTEXL
_2cc
999 _c1021062
_d1021062